Statistics for "Show Yourself" lyrics - Among Us song

Click here to take the quiz!

General Stats

  • This quiz has been taken 182 times
    (14 since last reset)
  • The average score is 254 of 420

Answer Stats

Lyrics% Correct
you
100%
your
100%
you,
100%
you;
100%
So
89%
so
89%
I
89%
a
78%
it
78%
in
78%
don't
78%
in,
78%
sneaky,
78%
little
78%
(around)
78%
it,
78%
around
78%
to
78%
sneaky;
78%
be
78%
away
67%
Impostor,
67%
aren't
67%
can
67%
feel
67%
No,
67%
(away)
67%
(carried)
67%
out,
67%
watch
67%
he,
67%
Everybody
67%
carried
67%
is
67%
out
67%
(watch)
67%
(out)
67%
(No)
67%
Is
67%
No
67%
(turn)
56%
someone's
56%
bones;
56%
my
56%
this
56%
night
56%
Look
56%
us,
56%
among
56%
knows.
56%
(this)
56%
(night)
56%
shoulder,
56%
or
56%
nobody
56%
(shoulder)
56%
us
56%
turn
56%
she
44%
here,
44%
here;
44%
die
44%
just
44%
think
44%
with
44%
(show)
44%
(yourself)
44%
messing
44%
yourself,
44%
yourself;
44%
show
44%
'Cuz
44%
wanna
44%
die,
44%
but
44%
You're
44%
But
44%
you're
44%
yourself.
44%
how
33%
and
33%
might
33%
hearse,
33%
got
33%
everything
33%
maybe
33%
charade,
33%
why
33%
safe,
33%
Maybe
33%
wish
33%
knew
33%
keep
22%
come
22%
on
22%
breathing;
22%
please
22%
the
22%
now.
22%
we're
22%
stop
22%
discussing;
22%
leave
22%
brains;
22%
right
22%
playing
22%
done
22%
we've
11%
alone.
11%
listening
11%
alone!
11%
our
11%
single
11%
wants
11%
of
11%
not
11%
They're
11%
all
11%
one
11%
Oh,
11%
part.
11%
actor's
11%
Yeah,
11%
Noooo
0%
oooo
0%
oooo,
0%

Score Distribution

Percentile by Number Answered

Percent of People with Each Score

Your Score History

You have not taken this quiz since the last reset